000 00476nam a2200145Ia 4500
008 200626s9999 xx 000 0 und d
020 _a978-971-95189-2-1
100 _aAlmonte, Jose T.
245 _cJose T Almonte; Marites DaƱguilan Vitug
_aEndless journey:
_bA memoir
260 _aPH :
_bThe Asia foundation
_c2015
300 _aiii, 365 pages
500 _aIncludes epilogue and index.
650 _aAlmonte, Jose T.
650 _aGenerals -- Philippines -- Biography.
999 _c363782
_d363782